| 000 | 01442nam a2200349 a 4500 | ||
|---|---|---|---|
| 001 | ebr10389601 | ||
| 003 | CaPaEBR | ||
| 006 | m u | ||
| 007 | cr cn||||||||| | ||
| 008 | 100105s2010 njua sb 001 0 eng | ||
| 010 | _z 2009052123 | ||
| 020 | _z9780470344736 | ||
| 020 | _z9780470630600 (e-book) | ||
| 040 |
_aCaPaEBR _cCaPaEBR |
||
| 035 | _a(OCoLC)651933944 | ||
| 050 | 1 | 4 |
_aQA76.9.H36 _bK65 2010eb |
| 082 | 0 | 4 |
_a005.8/2 _222 |
| 100 | 1 |
_aKonheim, Alan G., _d1934- |
|
| 245 | 1 | 0 |
_aHashing in computer science _h[electronic resource] : _bfifty years of slicing and dicing / _cAlan G. Konheim. |
| 260 |
_aHoboken, N.J. : _bJohn Wiley & Sons, _c2010. |
||
| 300 |
_axvii, 386 p. : _bill. |
||
| 504 | _aIncludes bibliographical references and index. | ||
| 505 | 0 | _apt. 1. Mathematical preliminaries -- pt. 2. Hashing for storage : data management -- pt. 3. Some novel applications of hashing. | |
| 533 |
_aElectronic reproduction. _bPalo Alto, Calif. : _cebrary, _d2010. _nAvailable via World Wide Web. _nAccess may be limited to ebrary affiliated libraries. |
||
| 650 | 0 | _aHashing (Computer science) | |
| 650 | 0 | _aCryptography. | |
| 650 | 0 | _aData encryption (Computer science) | |
| 650 | 0 | _aComputer security. | |
| 655 | 7 |
_aElectronic books. _2local |
|
| 710 | 2 | _aebrary, Inc. | |
| 856 | 4 | 0 |
_uhttp://site.ebrary.com/lib/rucke/Doc?id=10389601 _zAn electronic book accessible through the World Wide Web; click to view |
| 999 |
_c197187 _d197187 |
||